[Event "Sandnes CC-ch B"]
[Site "Sandnes"]
[Date "2017.03.28"]
[Round "5"]
[White "Hestholm, Sverre"]
[Black "Nordmark, Oddvar"]
[Result "1/2-1/2"]
[WhiteElo "1506"]
[BlackElo "1420"]
[PlyCount "104"]
[EventDate "2017.02.07"]
[EventType "swiss"]
[EventRounds "7"]
[EventCountry "NOR"]
[SourceTitle "EXT 2024"]
[Source "ChessBase"]
[SourceDate "2023.10.10"]
[SourceVersion "1"]
[SourceVersionDate "2023.10.10"]
[SourceQuality "1"]

1. e4 e5 2. Nf3 Nc6 3. Bc4 Be7 4. 0-0 d6 5. h3 Nf6 6. Re1 0-0 7. d4 exd4 8. Nxd4 Nxd4 9. Qxd4 Re8 10. Nc3 c6 11. Bf4 Be6 12. Bb3 Qc7 13. Rad1 Bxb3 14. cxb3 Red8 15. Rc1 Qd7 16. Red1 Ne8 17. Qe3 Qe6 18. Ne2 Rd7 19. Nd4 Qg6 20. Nf5 Bd8 21. Rd2 Bb6 22. Qg3 Qxg3 23. Bxg3 Rad8 24. Rcd1 Bc5 25. Nxd6 Rxd6 26. Bxd6 Rxd6 27. Rxd6 Bxd6 28. g3 Kf8 29. f4 Ke7 30. Kf2 Bc5+ 31. Kf3 Nc7 32. g4 Ne6 33. e5 h6 34. Ke4 g6 35. h4 Bf2 36. g5 h5 37. f5 Nc5+ 38. Kf3 Bxh4 39. e6 Bxg5 40. exf7 Kxf7 41. fxg6+ Kxg6 42. b4 Ne6 43. Rd7 b5 44. Rxa7 Nd4+ 45. Ke4 Bf6 46. a4 bxa4 47. Rxa4 Kg5 48. Ra6 Kg4 49. b5 Nxb5 50. Rxc6 Bxb2 51. Rh6 Bc1 52. Rxh5 Kxh5 1/2-1/2

[Event "Sandnes Hast op"]
[Site "Sandnes"]
[Date "2014.09.02"]
[Round "1"]
[White "Nordmark, Oddvar"]
[Black "Narheim, Roar"]
[Result "0-1"]
[WhiteElo "1204"]
[BlackElo "666"]
[PlyCount "69"]
[EventDate "2014.09.02"]
[EventType "swiss"]
[EventRounds "7"]
[EventCountry "NOR"]
[SourceTitle "EXT 2017"]
[Source "ChessBase"]
[SourceDate "2016.10.25"]
[SourceVersion "1"]
[SourceVersionDate "2016.10.25"]
[SourceQuality "1"]

1. e4 e5 2. Nf3 Nc6 3. Bc4 h6 4. 0-0 Nf6 5. d3 Bc5 6. a3 0-0 7. h3 a6 8. b4 Ba7 9. Bb2 d6 10. Nc3 b5 11. Ba2 Bb7 12. Nd5 Nxd5 13. Bxd5 Rb8 14. Kh2 Ne7 15. Bxb7 Rxb7 16. Ne1 Ng6 17. Qg4 Qg5 18. Qxg5 hxg5 19. c3 Re8 20. Bc1 f6 21. g3 Rbb8 22. Ng2 Rbd8 23. Ne3 Ne7 24. Ng2 d5 25. Be3 Bxe3 26. Nxe3 dxe4 27. dxe4 Rd3 28. Rac1 c6 29. Rfd1 Red8 30. Rxd3 Rxd3 31. Kg1 Rd2 32. Rc2 Rd3 33. c4 Rxa3 34. cxb5 cxb5 35. Rc8+ 0-1

[Event "NOR-ch Seniors-B"]
[Site "Lillehammer"]
[Date "2013.06.29"]
[Round "1"]
[White "Nordmark, Oddvar"]
[Black "Frydendal, Odd"]
[Result "0-1"]
[WhiteElo "1258"]
[BlackElo "1440"]
[PlyCount "100"]
[EventDate "2013.06.29"]
[EventType "swiss"]
[EventRounds "9"]
[EventCountry "NOR"]
[SourceTitle "EXT 2017"]
[Source "ChessBase"]
[SourceDate "2016.10.25"]
[SourceVersion "1"]
[SourceVersionDate "2016.10.25"]
[SourceQuality "1"]

1. e4 c6 2. d4 d5 3. Nc3 dxe4 4. Nxe4 Bf5 5. Ng3 Bg6 6. Nf3 h6 7. Ne5 Bh7 8. Qf3 Nf6 9. c3 e6 10. Bd3 Bxd3 11. Nxd3 Bd6 12. Ne4 Nxe4 13. Qxe4 Nd7 14. 0-0 Nf6 15. Qh4 Qc7 16. Bf4 0-0-0 17. Bxd6 Qxd6 18. Ne5 Qe7 19. Qf4 g5 20. Qf3 h5 21. h3 Rdg8 22. g4 hxg4 23. hxg4 Rh4 24. Kg2 Rh7 25. Rh1 Rhg7 26. Rh6 Nd5 27. Rah1 Nf4+ 28. Kf1 f6 29. Nd3 Ng6 30. Qe4 Nh4 31. Nc5 e5 32. dxe5 Qxc5 33. exf6 Rd7 34. Qe6 Rgd8 35. Rh7 Qd5 36. Qxd5 Rxd5 37. R1xh4 gxh4 38. Rxh4 Rf8 39. Rh6 Rg5 40. f3 Rf7 41. Kg2 Kd7 42. Kg3 Ke6 43. f4 Rg8 44. g5 Kf5 45. Rh1 Rxf6 46. Kf3 Rd6 47. Re1 Rd3+ 48. Re3 Rxe3+ 49. Kxe3 Re8+ 50. Kf3 Re4 0-1

[Event "NOR-ch Seniors-B"]
[Site "Lillehammer"]
[Date "2013.06.29"]
[Round "3"]
[White "Nordmark, Oddvar"]
[Black "Utsi, Nils R"]
[Result "0-1"]
[WhiteElo "1258"]
[BlackElo "1151"]
[PlyCount "74"]
[EventDate "2013.06.29"]
[EventType "swiss"]
[EventRounds "9"]
[EventCountry "NOR"]
[SourceTitle "EXT 2017"]
[Source "ChessBase"]
[SourceDate "2016.10.25"]
[SourceVersion "1"]
[SourceVersionDate "2016.10.25"]
[SourceQuality "1"]

1. e4 c5 2. Nf3 d6 3. d4 cxd4 4. Nxd4 Nc6 5. Be3 g6 6. Nxc6 bxc6 7. Bd4 e5 8. Bc3 Nf6 9. Nd2 Bh6 10. Bd3 0-0 11. Qe2 a5 12. 0-0-0 Re8 13. Kb1 d5 14. Nf3 d4 15. Bd2 Bg7 16. h3 Qb6 17. Bc4 Ba6 18. Rhe1 Bxc4 19. Qxc4 h6 20. Bc1 a4 21. a3 Bf8 22. Ka2 Qb5 23. Nd2 Nd7 24. g3 Nb6 25. Qxb5 cxb5 26. f4 Rac8 27. Kb1 Nc4 28. Nf3 b4 29. axb4 Bxb4 30. Re2 a3 31. b3 a2+ 32. Kxa2 Ra8+ 33. Kb1 Bc3 34. Bb2 Nxb2 35. Rd3 Nxd3 36. cxd3 Ra1+ 37. Kc2 Rea8 0-1